000 00401nam a2200157Ia 4500
008 210210b1999 xxu||||| |||| 00| 0 eng d
020 _a81 85137 00 5
082 _a181.4 SATE
100 _aSATPREM.
245 _aEvolution II. Ed 1.
250 _a
260 _aMysore.
_bInstitut De Recherches Evolutives & Mira Aditi.,
_c1999
300 _a126
690 _aIndian Philosophy
906 _a054803
999 _c102150
_d102150